Le peril Americain

Gardado en:
Detalles Bibliográficos
Autor Principal: Goux, Christian
Formato: Libro
Idioma:Undetermined
Publicado: Paris Calmann- Levy 1971
Những chủ đề:
Các nhãn: Engadir etiqueta
Sen Etiquetas, Sexa o primeiro en etiquetar este rexistro!
Thư viện lưu trữ: Trung tâm Học liệu Trường Đại học Cần Thơ
LEADER 00467nam a2200181Ia 4500
001 CTU_83156
008 210402s9999 xx 000 0 und d
082 |a 332.6 
082 |b G719 
100 |a Goux, Christian 
245 0 |a Le peril Americain 
245 0 |c Christian Goux 
260 |a Paris 
260 |b Calmann- Levy 
260 |c 1971 
650 |a Investments, american 
904 |i QHieu(sửa) 
980 |a Trung tâm Học liệu Trường Đại học Cần Thơ